| 000 | 01030nam a22001937a 4500 | ||
|---|---|---|---|
| 003 | OSt | ||
| 005 | 20251117100908.0 | ||
| 008 | 251117b |||||||| |||| 00| 0 eng d | ||
| 040 | _cDCL | ||
| 082 | _a၂၉၄.၃၈၂၂ | ||
| 130 |
_aတိပိဋက။ _pဝိနယပိဋက။ _tဝိနယသင်္ဂဟ၊ _lအဋ္ဌကထာ၊ _sနိဿယ။ |
||
| 245 |
_aဝိနယသင်္ဂဟအဋ္ဌကထာ နိဿယ၊ _bဒုတိယတွဲ / _cအရှင်ပဏ္ဍိတမဟာထေရ်။ |
||
| 264 |
_aမန္တလေး ၊ _bပဒေသာပိဋကတ်စာပေ၊ _c[ခုနှစ်မပါ]။ |
||
| 300 |
_a၅၃၈ စာမျက်နှာ ၊ _c၂၅ စင်တီ။ |
||
| 650 |
_aပါရာဇိက _vအဋ္ဌကထာနိဿယ။ |
||
| 650 |
_aပါရာဇိကဏ် _vအဋ္ဌကထာနိဿယ။ |
||
| 700 | _aပဏ္ဍိတမဟာထေရ်၊ အရှင် | ||
| 942 |
_2ddc _cSHORT TERM _n0 |
||
| 999 |
_c2490 _d2490 |
||